Право знать!. Вып. 8 (Запись № 12948872)

Подробности
000 -МАРКЕР
контрольное поле 03951nam2a2200349 4500
001 - ИДЕНТИФИКАТОР ЗАПИСИ
контрольное поле RU\NLR\BIBL_A\022169913
005 - ИДЕНТИФИКАТОР ВЕРСИИ
контрольное поле 20240502161101.0
010 ## - МЕЖДУНАРОДНЫЙ СТАНДАРТНЫЙ НОМЕР КНИГИ (ISBN)
Номер (ISBN) 978-5-94373-542-4
Тираж 150
021 ## - НОМЕР ГОСУДАРСТВЕННОЙ РЕГИСТРАЦИИ
Код страны Российская Федерация
Номер КН-П-24-007486
Номер Листа государственной регистраци КН-П-24-0777
035 ## - ДРУГИЕ СИСТЕМНЫЕ НОМЕРА
Идентификатор записи (NLR Aleph) 022169913
100 ## - ДАННЫЕ ОБЩЕЙ ОБРАБОТКИ
Данные общей обработки 20240318d2024 u y0rusy50 ca
101 0# - ЯЗЫК РЕСУРСА
Язык текста, звукозаписи и т.д. русский
102 ## - СТРАНА ПУБЛИКАЦИИ ИЛИ ПРОИЗВОДСТВА
Страна публикации Российская Федерация
105 ## - ПОЛЕ КОДИРОВАННЫХ ДАННЫХ: ТЕКСТОВЫЕ МАТЕРИАЛЫ, МОНОГРАФИЧЕСКИЕ
Кодированные данные о монографическом текстовом документе ah j 000yy
200 0# - ЗАГЛАВИЕ И СВЕДЕНИЯ ОБ ОТВЕТСТВЕННОСТИ
Основное заглавие Вып. 8
Первые сведения об ответственности Буглимова Ольга Владимировна - преподаватель, Бунимович Евгений Абрамович - заслуженный учитель России, кандидат педагогических наук, Гаврилова Юлия Вячеславовна, кандидат юридических наук, доцент [и др.]
Последующие сведения об ответственности под общ. ред. Р. С. Данелян [и др.]
-- Департамент образования и науки города Москвы, Государственное автономное образовательное учреждение высшего образования города Москвы "Московский городской педагогический университет" (ГАОУ ВО МГПУ), Институт экономики, управления и права, [Общероссийская общественная организация "Ассоциация юристов России"]
210 ## - ПУБЛИКАЦИЯ, РАСПРОСТРАНЕНИЕ И ДР.
Место издания, распространения и т.д. Москва
Имя издателя, распространителя и т. д. Зерцало-М
Дата издания, распространения и т.д. 2024
215 ## - ФИЗИЧЕСКАЯ ХАРАКТЕРИСТИКА
Специфическое обозначение материала и объем 193 с.
Другие сведения о физической характеристике ил., цв. ил., факс.
Сопроводительный материал 1 электрон. опт. диск (CD-ROM)
300 ## - ОБЩИЕ ПРИМЕЧАНИЯ
Текст примечания Авт. указаны на обороте тит. с.
300 ## - ОБЩИЕ ПРИМЕЧАНИЯ
Текст примечания На обл.: 10 лет проекту "Школа Права"
320 ## - ПРИМЕЧАНИЯ О НАЛИЧИИ В ДОКУМЕНТЕ БИБЛИОГРАФИИ / УКАЗАТЕЛЯ
Текст примечания Библиогр.: с. 190-193 и в подстроч. примеч.
461 #0 - УРОВЕНЬ НАБОРА
Встроенное поле 001RU\NLR\BIBL_A\011384461
-- 2001#$aПраво знать!$eправовые квесты$eучебно-методическое пособие$fДепартамент образования города Москвы, Государственное автономное образовательное учреждение высшего образования города Москвы "Московский городской педагогический университет" (ГАОУ ВО МГПУ), Юридический институт, [Общероссийская общественная организация "Ассоциация юристов России"$gЕ.А. Бунимович и др.]$vВып. 8
Системный номер (АБИС) связанной записи 11419262
Место публикации Москва
Дата публикации 2017
Первые сведения об ответственности Департамент образования города Москвы, Государственное автономное образовательное учреждение высшего образования города Москвы "Московский городской педагогический университет" (ГАОУ ВО МГПУ), Юридический институт, [Общероссийская общественная организация "Ассоциация юристов России"
Имя издателя, распространителя и т.д. Книгодел
Сведения, относящиеся к заглавию правовые квесты : учебно-методическое пособие
Заглавие Право знать!
Номер тома Вып. 8
701 #1 - ИМЯ ЛИЦА - АЛЬТЕРНАТИВНАЯ ОТВЕТСТВЕННОСТЬ
Начальный элемент ввода Буглимова
Часть имени, кроме начального элемента ввода О. В.
Расширение инициалов личного имени Ольга Владимировна
701 #1 - ИМЯ ЛИЦА - АЛЬТЕРНАТИВНАЯ ОТВЕТСТВЕННОСТЬ
Графика поля Кириллица
Материалы, к которым относится поле rus
Начальный элемент ввода Гаврилова
Часть имени, кроме начального элемента ввода Ю. В.
Дополнения к именам, кроме дат канд. юрид. наук
Расширение инициалов личного имени Юлия Вячеславовна
Системный номер авторитетной/нормативной записи 69793
Идентификатор авторитетной/нормативной записи RU\NLR\AUTH\7786865
702 #1 - ИМЯ ЛИЦА - ВТОРИЧНАЯ ОТВЕТСТВЕННОСТЬ
Начальный элемент ввода Данелян
Часть имени, кроме начального элемента ввода Р. С.
Расширение инициалов личного имени Рита Суреновна
Код отношения Редактор
712 02 - НАИМЕНОВАНИЕ ОРГАНИЗАЦИИ - ВТОРИЧНАЯ ОТВЕТСТВЕННОСТЬ
Код отношения Прочие
Начальный элемент ввода Московский городской педагогический университет
Структурное подразделение Институт экономики, управления и права
Системный номер авторитетной/нормативной записи 878452
Идентификатор авторитетной/нормативной записи RU\NLR\AUTH\880606601
852 ## - МЕСТОНАХОЖДЕНИЕ И ШИФР ХРАНЕНИЯ
Идентификатор организации NLR
Шифр хранения (Call Number) 2017-8/1292
942 ## - ДОПОЛНИТЕЛЬНЫЕ ЭЛЕМЕНТЫ ЗАПИСИ (АБИС)
Тип экземпляра АБИС Книга
980 ## - КОЛЛЕКЦИЯ
Название коллекции Национальная библиография
Экземпляры
Тип экземпляра Дата поступления Источник поступления Библиотека постоянного хранения Библиотека текущего хранения Место хранения Шифр хранения Штрих-код Статус экземпляра
Книга 18.03.2024 Обязательный экземпляр РНБ (Московский) РНБ (Московский) Русский книжный фонд: издания с 1957 года 2017-8/1292 1-4212770  
Книга 18.03.2024 Обязательный экземпляр РНБ (Московский) РНБ (Московский) Русский книжный фонд: издания с 1957 года 2017-8/1292 1-4212771